000 00862nam a2200217 u 4500
001 000641323
003 AM-YeHGA
005 20250617140826.0
008 090312s1987 ||| r 000 0 rus d
040 _aAM-YeHGA
041 0 _arus
100 1 _aПерский, Юрий Калманович
245 1 0 _aЭкономия затрат при инструментальном обслуживании /
_cЮ.К. Перский, Е.С. Сапиро, Н.Б. Югова.
260 _aМосква :
_bМашиностроение,
_c1987.
300 _a85 с. :
_bил.
504 _aБиблиогр.: с. 84
653 0 _aИнструментальное обслуживание - Экономия затрат
700 1 _aСапиро, Евгений Саулович
700 1 _aЮгова, Надежда Борисовна
090 _c228865
999 _c227322
_d227322